000
00299nam a2200109Ia 4500
008
201217s9999 xx 000 0 und d
100
_a
Greenhill, Basil
245
0
_a
Archaeology of the Boat : A New Introductory Study
260
_a
Middletown
_b
Wesleyan University Press
300
_a
320
942
_c
BK
999
_c
7246
_d
7246